AP Macroeconomics- Graphs - Statistics

General Stats
  • This quiz has been taken 39 times
  • The average score is 6 of 9
Answer Stats
Picture Answer % Correct
Phillips Curve
79%
Production Possibilities Curve
75%
Money Market
71%
Foreign Exchange
68%
Loanable Funds Market
68%
Business Cycle
61%
Supply and Demand
57%
Aggregate Demand and Aggregate Supply
54%
Reserve Market
36%
No matching quizzes found
Score Distribution
Percent of People with Each Score
Percentile by Number Answered
Your Score History
You have not taken this quiz